000
00301nam a22001337a 4500
008
170401b xxu||||| |||| 00| 0 eng d
020
_a
9780787222697
041
_a
eng
080
_a
574
100
_a
9
101
_a
SHM
245
_a
DESIGNING ENVIRONMENTAL SOLUTIONS
_c
LANDES, N,M
942
_2
udc
_c
BK
999
_c
9418
_d
9418